00906cam a2200241 a 4500001001300000003000400013005001700017008004100034010001700075040001300092050002300105100003100128240002300159245022000182246002400402246002600426260005600452300002500508546001700533500005700550650004400607650001300651unk83065796 DLC20260227112800.0860227s1869 ii 000 0 san  aunk83065796  aDLCcDLC00aPK2916b.V577 18690 aViśvanātha Kavirāja.10aSāhityadarpaṇa14aSāhityadarpaṇaṃ nām[ā]laṅkāraśāstraṃ /cViśvanātha Kavirājaviracitaṃ = The sáhitya-darpaṇa, or, Mirror of composition : a treatise on literary criticism / by Viśwanátha Kavirája31aSáhitya-darpaṇa31aMirror of composition aCalcutta :bBábu Bhuvana Chandra Vaśaka,c1869. a16, 346 p. ;c22 cm. aIn Sanskrit. aLC copy: Weber Collection; dated Apr. 14, 1870.5DLC 0aSanskrit poetryxHistory and criticism. 0aPoetics.